000077457 001__ 77457
000077457 005__ 20190226114757.0
000077457 037__ $$aTAZ-TFM-2018-359
000077457 041__ $$aspa
000077457 1001_ $$aGil González Cristina
000077457 24200 $$aThe teaching work and its relationship with innovation and the development of thinking abilities
000077457 24500 $$aLa labor docente y su relación con la innovación y el desarrollo de las habilidades del pensamiento
000077457 260__ $$aZaragoza$$bUniversidad de Zaragoza$$c2018
000077457 506__ $$aby-nc-sa$$bCreative Commons$$c3.0$$uhttp://creativecommons.org/licenses/by-nc-sa/3.0/
000077457 520__ $$aLa educación es la única herramienta puramente pacífica y humana con la que podemos cambiar el mundo, y con la que el mundo cambia todos los días. La didáctica estudia los métodos de enseñanza que se aplican o aplicarán en las aulas para una mejora del proceso de enseñanza-aprendizaje. La innovación didáctica es, entonces, una imperiosa necesidad que claman todos los grupos de interés que penden de la Educación: familias, docentes, alumnos, la sociedad misma.
000077457 521__ $$aMáster Universitario en Profesorado de Educación Secundaria Obligatoria, Bachillerato, Formación Profesional y Enseñanza de Idiomas, Artísticas y Deportivas
000077457 540__ $$aDerechos regulados por licencia Creative Commons
000077457 700__ $$aCeamanos Valero, Mª Carmen$$edir.
000077457 7102_ $$aUniversidad de Zaragoza$$bDidáctica de las Ciencias Experimentales$$cDidáctica de las Ciencias Experimentales
000077457 8560_ $$f558374@celes.unizar.es
000077457 8564_ $$s1617358$$uhttps://zaguan.unizar.es/record/77457/files/TAZ-TFM-2018-359.pdf$$yMemoria (spa)
000077457 8564_ $$s2756074$$uhttps://zaguan.unizar.es/record/77457/files/TAZ-TFM-2018-359_ANE.pdf$$yAnexos (spa)
000077457 909CO $$ooai:zaguan.unizar.es:77457$$pdriver$$ptrabajos-fin-master
000077457 950__ $$a
000077457 951__ $$adeposita:2019-02-26
000077457 980__ $$aTAZ$$bTFM$$cFEDU
000077457 999__ $$a20180702095308.CREATION_DATE